49ers Entire Active Roster 2025-26 - Statistics

General Stats
  • This quiz has been taken 296 times
    278 since last reset
  • The average score is 29 of 71
Answer Stats
Position Player % Correct
QB Brock Purdy
100%
RB Christian McCaffrey
95%
QB Mac Jones
95%
TE George Kittle
85%
LB Fred Warner
81%
DE Nick Bosa
81%
LT Trent Williams
80%
WR Ricky Pearsall
79%
RB Brian Robinson Jr.
78%
WR Demarcus Robinson
75%
WR Jauan Jennings
75%
DE Mykel Williams
75%
WR Brandon Aiyuk
70%
CB Jakob Robinson
70%
TE Jake Tonges
68%
FB Kyle Juszczyk
64%
Coach Kyle Shanahan
64%
CB Deommodore Lenoir
63%
WR Kendrick Bourne
60%
RB Isaac Guerendo
57%
LB Dee Winters
52%
C Jake Brendel
51%
SS Ji'Ayir Brown
49%
RG Dominick Puni
48%
QB Adrian Martinez
47%
WR Skyy Moore
47%
LB Nick Martin
46%
CB Renardo Green
46%
SS Malik Mustapha
45%
K Eddy Pinero
44%
CB Upton Stout
43%
RT Colton McKivitz
42%
TE Luke Farrell
41%
RB Jordan James
40%
QB Kurtis Rourke
40%
P Thomas Morstead
39%
DT Alfred Collins
37%
DE Bryce Huff
35%
LB Tatum Bethune
35%
WR Jordan Watkins
32%
DT CJ West
26%
WR Jacob Cowing
26%
SS Marques Sigle
26%
LS Jon Weeks
25%
LG Ben Bartch
23%
DT Kalia Davis
23%
DE Yetur Gross-Matos
23%
CB Chase Lucas
22%
LB Luke Gifford
22%
OT Spencer Burford
22%
WR Trent Taylor
22%
FS Jason Pinnock
20%
RB Patrick Taylor Jr.
20%
OG Connor Colby
19%
C Matt Hennessy
19%
CB Darrell Luter Jr.
17%
WR Marquez Valdez-Scantling
17%
DT Jordan Elliot
15%
OT Austen Pleasants
14%
DE Sam Okuayinonu
12%
TE Brayden Willis
11%
DT Kevin Givens
9%
WR Malik Turner
9%
DE Robert Beal Jr.
9%
WR Russell Gage Jr.
8%
DE Tarron Jackson
7%
OG Drew Moss
6%
FS Sirran Neal
6%
OT Isaac Alarcon
4%
CB Tre Tomlinson
4%
DT Jordan Jefferson
2%
No matching quizzes found
Score Distribution
Percent of People with Each Score
Percentile by Number Answered
Your Score History
You have not taken this quiz since the last reset